000
00299nam a22001217a 4500
003
OSt
008
150420b xxu||||| |||| 00| 0 eng d
100
1
_a
Johnson, Iver R.
041
_a
eng
245
1
0
_a
Westervelt's Post, Chester, New York
260
_a
Chester, N.Y.
_b
Iver R. Johnson
300
_a
0 pages
999
_c
1314
_d
1314